"Annual report on the state of environment pollution in fiscal 1977" and " Pollution control measures to be taken during fiscal 1977"
محفوظ في:
| مؤلف مشترك: | |
|---|---|
| التنسيق: | كتاب |
| اللغة: | Undetermined |
| منشور في: |
Japan
Foreign Press Center
1978
|
| الموضوعات: | |
| الوسوم: |
إضافة وسم
لا توجد وسوم, كن أول من يضع وسما على هذه التسجيلة!
|
| Thư viện lưu trữ: | Trung tâm Học liệu Trường Đại học Cần Thơ |
|---|
| LEADER | 00591nam a2200181Ia 4500 | ||
|---|---|---|---|
| 001 | CTU_96338 | ||
| 008 | 210402s9999 xx 000 0 und d | ||
| 082 | |a 333.7 | ||
| 082 | |b F714 | ||
| 110 | |a Foreign Press Center | ||
| 245 | 0 | |a "Annual report on the state of environment pollution in fiscal 1977" and " Pollution control measures to be taken during fiscal 1977" | |
| 245 | 0 | |c Foreign Press Center | |
| 260 | |a Japan | ||
| 260 | |b Foreign Press Center | ||
| 260 | |c 1978 | ||
| 650 | |a Environment,Economics | ||
| 904 | |i Giang | ||
| 980 | |a Trung tâm Học liệu Trường Đại học Cần Thơ | ||